Vývoj a současná ochrana obětí v mezinárodní perspektivě

Problematika ochrany práv detí trestných činov v medzinárodnom kontexte. Významné medzinárodné dokumenty stanovujúce minimálne štandardy pre podporu a ochranu detí trestných činov. Historický pohľad.

Saved in:
Bibliographic Details
Main Author: Slámová, Martina
Format: Book Chapter
Language:Czech
Subjects:
Tags: Add Tag
No Tags, Be the first to tag this record!

MARC

LEADER 00000naa a2200000 4500
001 0287331
005 20220823133345.5
041 0 |a cze 
044 |a CZ 
245 1 0 |a Vývoj a současná ochrana obětí v mezinárodní perspektivě  |c Martina Slámová 
520 |a Problematika ochrany práv detí trestných činov v medzinárodnom kontexte. Významné medzinárodné dokumenty stanovujúce minimálne štandardy pre podporu a ochranu detí trestných činov. Historický pohľad. 
610 2 0 |a ochrana ľudských práv 
610 2 0 |a úpravy právne 
610 2 0 |a právo medzinárodné 
610 2 0 |a Organizácia spojených národov 
610 2 0 |a činy trestné 
100 1 |a Slámová, Martina